00366pab a2200133 454500008004000000100002200040245005400062260000900116300001600125362001100141650003400152650001200186773003400198180718b2007 xxu||||| |||| 00| 0 eng d aPatel, Shirish B. aUnstated premises of Maharashtra's housing policy c2007 ap.3359-364. a18 Aug aHousing - India - Maharashtra aHousing aEconomic and Political Weekly